[Event "PRO League Group Stage"]
[Site "chess.com INT"]
[Date "2019.01.30"]
[Round "4"]
[White "Song, Raymond"]
[Black "Foisor, Sabina-Francesca"]
[Result "1/2-1/2"]
[WhiteTitle "FM"]
[BlackTitle "WGM"]
[WhiteElo "2329"]
[BlackElo "2276"]
[WhiteTeam "Australia Kangaroos"]
[BlackTeam "Montclair Sopranos"]
[WhiteFideId "3203824"]
[BlackFideId "1212915"]
[EventDate "2019.01.08"]

1. c4 c6 2. Nf3 d5 3. g3 Nf6 4. Bg2 Bf5 5. O-O e6 6. d3 h6 7. Qb3 Qb6 8. Be3
Qxb3 9. axb3 a6 10. Nc3 Nbd7 11. cxd5 exd5 12. Nd4 Bg6 13. Nc2 Bc5 14. Bf4 O-O
15. b4 Be7 16. Rfc1 Nh5 17. Be3 Rfe8 18. Na4 Bg5 19. f4 Bd8 20. Kf2 Nhf6 21. h3
h5 22. Bf3 Bc7 23. g4 hxg4 24. hxg4 Bd6 25. Nc5 Nxc5 26. bxc5 Bc7 27. Nd4 Rxe3
28. Kxe3 Re8+ 29. Kd2 Bxf4+ 30. Kc3 Bxc1 31. Rxc1 Nd7 32. Nb3 f5 33. gxf5 Bxf5
34. Kd4 Nf6 35. Rg1 Kf7 36. Nd2 g6 37. e4 dxe4 38. dxe4 Be6 39. Be2 Rd8+ 40. Ke3
Nd7 41. b4 a5 42. bxa5 Nxc5 43. Nf3 Nd7 44. Rb1 Ra8 45. Rxb7 Rxa5 46. Nd4 Rg5
47. Nxc6 Kf6 48. Kf4 Rc5 49. Nd4 g5+ 50. Ke3 Bh3 51. Ra7 Rc3+ 52. Kd2 Rc8 53.
Nf3 Nc5 54. Ke3 Re8 55. e5+ Kf5 56. Rf7+ Kg6 57. Rf6+ Kg7 58. Rc6 Nd7 59. Rc7
Kh6 60. Bb5 Re7 61. Kf2 Rg7 62. Kg3 Nxe5 63. Rc5 Nxf3 64. Kxh3 g4+ 65. Kg3 Rg5
66. Rc6+ Kg7 67. Rc7+ Kf6 68. Bc4 Nd2 69. Rf7+ Kg6 70. Rf4 Nxc4 71. Rxc4 Rf5 72.
Rxg4+ Rg5 73. Rxg5+ Kxg5 1/2-1/2

[Event "PRO League Group Stage"]
[Site "chess.com INT"]
[Date "2019.01.30"]
[Round "4"]
[White "Zhao, Jun"]
[Black "Mamedyarov, Shakhriyar"]
[Result "0-1"]
[WhiteTitle "GM"]
[BlackTitle "GM"]
[WhiteElo "2610"]
[BlackElo "2817"]
[WhiteTeam "Chengdu Pandas"]
[BlackTeam "San Jose Hackers"]
[WhiteFideId "8602522"]
[BlackFideId "13401319"]
[EventDate "2019.01.08"]

1. Nf3 Nf6 2. g3 g6 3. Bg2 Bg7 4. O-O O-O 5. b3 d6 6. d4 c6 7. Bb2 Qa5 8. Re1
Qh5 9. Nbd2 Bg4 10. c4 Nbd7 11. Qc2 e5 12. e4 Rfe8 13. dxe5 dxe5 14. c5 Rad8 15.
Qc3 b6 16. cxb6 axb6 17. Nc4 Nc5 18. Ncxe5 Nfd7 19. Rad1 Bxf3 20. Qxf3 Qxf3 0-1

[Event "PRO League Group Stage"]
[Site "chess.com INT"]
[Date "2019.01.30"]
[Round "4"]
[White "Safarli, Eltaj"]
[Black "Bai, Jinshi"]
[Result "1/2-1/2"]
[WhiteTitle "GM"]
[BlackTitle "GM"]
[WhiteElo "2681"]
[BlackElo "2572"]
[WhiteTeam "San Jose Hackers"]
[BlackTeam "Chengdu Pandas"]
[WhiteFideId "13402129"]
[BlackFideId "8602280"]
[EventDate "2019.01.08"]

1. e4 e5 2. Nf3 Nf6 3. Nc3 Nc6 4. a3 d5 5. Bb5 Nxe4 6. Qe2 Qd6 7. Nxe4 dxe4 8.
Qxe4 Bd7 9. d4 O-O-O 10. dxe5 Nxe5 11. Bxd7+ Qxd7 12. Be3 Nxf3+ 13. Qxf3 Qd5 14.
Qxd5 Rxd5 15. Ke2 Bc5 16. Rad1 Re5 17. Rd3 1/2-1/2

[Event "PRO League Group Stage"]
[Site "chess.com INT"]
[Date "2019.01.30"]
[Round "4"]
[White "Li, Di"]
[Black "Yoo, Christopher Woojin"]
[Result "1-0"]
[WhiteTitle "IM"]
[BlackTitle "FM"]
[WhiteElo "2488"]
[BlackElo "2388"]
[WhiteTeam "Chengdu Pandas"]
[BlackTeam "San Jose Hackers"]
[WhiteFideId "8607508"]
[BlackFideId "30909694"]
[EventDate "2019.01.08"]

1. d4 Nf6 2. c4 g6 3. Nc3 d5 4. Nf3 Bg7 5. cxd5 Nxd5 6. Bg5 Nxc3 7. bxc3 c5 8.
e3 O-O 9. Be2 b6 10. O-O Bb7 11. Qa4 Nd7 12. Rfd1 a6 13. Qb3 Qe8 14. a4 Rc8 15.
Nd2 e6 16. Nc4 cxd4 17. Nd6 Rxc3 18. Qxc3 dxc3 19. Nxe8 c2 20. Nxg7 cxd1=Q+ 21.
Rxd1 Nc5 22. Bf6 Ne4 23. Ba1 Rc8 24. Bf3 Bd5 25. Bxe4 Bxe4 26. f3 Bc2 27. Rc1
Kf8 28. Bf6 Rc6 29. a5 bxa5 30. g4 a4 31. Kf2 Rc4 32. Ke1 a3 33. Kd2 Bb3 34.
Rxc4 Bxc4 35. g5 Bf1 36. h4 Bg2 37. f4 a2 38. Kc2 Bd5 39. Kb2 Bc4 40. Ka3 h6 41.
gxh6 Kg8 42. Kb4 Bd5 43. Ne8 Kh7 44. Bg7 a1=Q 45. Bxa1 Kxh6 46. Nf6 Bg2 47. Kc5
Bf1 48. Kd6 Bc4 49. Ke7 a5 50. Be5 a4 51. Kf8 a3 52. Kg8 g5 53. fxg5+ Kg6 54. e4
a2 55. h5+ Kxg5 56. Kg7 a1=Q 57. Bxa1 e5 58. h6 1-0

[Event "PRO League Group Stage"]
[Site "chess.com INT"]
[Date "2019.01.30"]
[Round "4"]
[White "Ravuri, Vinesh"]
[Black "Zhai, Mo"]
[Result "1-0"]
[BlackTitle "WGM"]
[WhiteElo "2042"]
[BlackElo "2365"]
[WhiteTeam "San Jose Hackers"]
[BlackTeam "Chengdu Pandas"]
[WhiteFideId "45042632"]
[BlackFideId "8600201"]
[EventDate "2019.01.08"]

1. d4 Nf6 2. Nc3 d5 3. Bf4 Bf5 4. e3 e6 5. f3 Bd6 6. Nge2 Bg6 7. g4 h5 8. g5
Nfd7 9. h4 e5 10. dxe5 Nxe5 11. Bxe5 Bxe5 12. Qxd5 Qxd5 13. Nxd5 c6 14. Ndc3
Bxc2 15. f4 Bxc3+ 16. Nxc3 Nd7 17. e4 Nc5 18. Rh2 Bd3 19. b4 Bxf1 20. bxc5 Ba6
21. Rd1 Rd8 22. Rhd2 Rxd2 23. Rxd2 Ke7 24. Kf2 b6 25. Rd6 Bb7 26. f5 bxc5 27. e5
Rd8 28. f6+ gxf6 29. gxf6+ Ke8 30. Ne4 Ba6 31. Rxd8+ Kxd8 32. Nxc5 Bc4 33. a3
Bd5 34. Ke3 Bc4 35. Kd4 Ba2 36. Ne4 Kd7 37. Ng3 Ke6 38. Nxh5 c5+ 39. Ke4 Bb1+
40. Kf4 c4 41. Ng7+ Kd7 42. Ke3 c3 43. h5 Bh7 44. e6+ fxe6 45. f7 Ke7 46. Nxe6
Kxf7 47. Ng5+ Kg7 48. Nxh7 Kxh7 49. Kd3 Kh6 50. Kxc3 Kxh5 51. Kb4 Kg6 52. Ka5
Kf6 53. Ka6 Ke6 54. Kxa7 Kd6 55. Kb6 Kd7 56. Kb7 Kd6 57. a4 Kc5 58. a5 1-0

[Event "PRO League Group Stage"]
[Site "chess.com INT"]
[Date "2019.01.30"]
[Round "4"]
[White "Demchenko, Anton"]
[Black "Dreev, Aleksey"]
[Result "1/2-1/2"]
[WhiteTitle "GM"]
[BlackTitle "GM"]
[WhiteElo "2679"]
[BlackElo "2670"]
[WhiteTeam "New York Marshalls"]
[BlackTeam "San Diego Surfers"]
[WhiteFideId "4160258"]
[BlackFideId "4100107"]
[EventDate "2019.01.08"]

1. e4 c6 2. d4 d5 3. Nd2 dxe4 4. Nxe4 Bf5 5. Qf3 e6 6. Ne2 Nd7 7. N2g3 Bg6 8. h4
h6 9. Bd3 Ngf6 10. c3 Nxe4 11. Nxe4 Nf6 12. Nxf6+ Qxf6 13. Qxf6 gxf6 14. Be2 h5
15. Bf4 Rd8 16. f3 Bd6 17. Bxd6 Rxd6 18. Kf2 e5 19. Rad1 Ke7 20. Rhe1 Rhd8 21.
f4 exd4 22. Bxh5+ Kf8 23. Bf3 dxc3 24. Rxd6 Rxd6 25. bxc3 Rd2+ 26. Re2 Rd3 27.
Rb2 b6 28. Bxc6 Rxc3 29. Bd5 Rd3 30. Bb3 Be4 31. Rc2 Rd7 32. Rc8+ Kg7 33. g4 Bd5
34. Ke3 Bxb3 35. axb3 Rd5 36. b4 Rb5 37. Rc4 a5 38. bxa5 bxa5 39. Ke4 Kg6 40.
f5+ Kg7 41. g5 Re5+ 42. Kf4 Rb5 43. Rc6 Rb4+ 44. Kg3 fxg5 45. hxg5 a4 46. Ra6
Rc4 47. Ra7 Kg8 48. Kf3 Rb4 49. Kg3 Rc4 50. Ra8+ Kg7 51. Ra6 Rb4 52. Kf3 Rc4 53.
Ra7 Kg8 54. Kg3 Rb4 55. Ra6 Rc4 56. Ra7 Rb4 57. Ra8+ Kg7 58. Ra7 Kg8 59. Kf3 Rc4
60. Kg3 Rb4 61. Kf3 Rc4 62. Kg3 Rb4 1/2-1/2

[Event "PRO League Group Stage"]
[Site "chess.com INT"]
[Date "2019.01.30"]
[Round "4"]
[White "Brown, Michael William"]
[Black "Azarov, Sergei"]
[Result "0-1"]
[WhiteTitle "IM"]
[BlackTitle "GM"]
[WhiteElo "2524"]
[BlackElo "2575"]
[WhiteTeam "San Diego Surfers"]
[BlackTeam "New York Marshalls"]
[WhiteFideId "2037602"]
[BlackFideId "13501470"]
[EventDate "2019.01.08"]

1. c4 e6 2. g3 Nf6 3. Bg2 d5 4. Nf3 d4 5. O-O c5 6. e3 Nc6 7. exd4 cxd4 8. d3
Bd6 9. Re1 O-O 10. Bg5 h6 11. Bxf6 Qxf6 12. Nbd2 Qe7 13. Ne4 Bc7 14. a3 a5 15.
Rc1 Rd8 16. c5 e5 17. Nfd2 Be6 18. Nc4 Rab8 19. Qa4 Bd5 20. Ned6 Bxg2 21. Kxg2
Qe6 22. f3 Qd5 23. Nb5 Qd7 24. Nxc7 Qxc7 25. b4 axb4 26. axb4 Ne7 27. Nxe5 Nd5
28. Nc4 b5 29. cxb6 Nxb6 30. Nxb6 Qxb6 31. Rc4 Ra8 32. Qb3 Re8 33. Rxe8+ Rxe8
34. Qb2 Qf6 35. f4 Kh7 36. Qxd4 Re2+ 37. Kf3 Qe7 38. Rc7 Qxc7 39. Kxe2 Qc2+ 40.
Ke3 Qxh2 41. Qe4+ g6 42. b5 Qxg3+ 43. Kd4 Qf2+ 44. Kc4 h5 45. Qd4 Qc2+ 46. Kd5
h4 47. f5 g5 48. b6 h3 49. b7 Qb3+ 50. Kc6 h2 51. Qe4 Qb1 52. f6+ Kh6 53. Kd7
h1=Q 54. Qxh1+ Qxh1 55. b8=Q Qd5+ 56. Ke8 Kg6 57. Qb6 Qe5+ 58. Kf8 Qxf6 59. Qb4
Qd8# 0-1

[Event "PRO League Group Stage"]
[Site "chess.com INT"]
[Date "2019.01.30"]
[Round "4"]
[White "Bykhovsky, Anatoly"]
[Black "Sheng, Joshua"]
[Result "0-1"]
[WhiteTitle "GM"]
[BlackTitle "IM"]
[WhiteElo "2496"]
[BlackElo "2451"]
[WhiteTeam "New York Marshalls"]
[BlackTeam "San Diego Surfers"]
[WhiteFideId "2806991"]
[BlackFideId "2057360"]
[EventDate "2019.01.08"]

1. d4 d5 2. c4 e6 3. Nc3 c6 4. Nf3 Nf6 5. Bg5 dxc4 6. e4 b5 7. e5 h6 8. Bh4 g5
9. Nxg5 hxg5 10. Bxg5 Nbd7 11. exf6 Bb7 12. g3 c5 13. d5 Qb6 14. Bg2 O-O-O 15.
O-O b4 16. Rb1 Qa6 17. b3 bxc3 18. bxc4 Nb6 19. Qg4 c2 20. Rb2 Qxc4 21. Qxc4
Nxc4 22. Rxb7 Kxb7 23. dxe6+ Kb6 24. e7 Bxe7 25. fxe7 Rd1 26. Be4 Nd2 27. Bxd2
Rxd2 28. Kg2 Re8 29. Rc1 Rxe7 30. Rxc2 Rxc2 31. Bxc2 c4 32. Kf3 Kc5 33. h4 Kd4
34. h5 Kc3 35. Bf5 Kd2 36. h6 c3 37. Kg4 c2 38. Bxc2 Kxc2 39. Kg5 Re5+ 40. Kf6
Re6+ 41. Kxf7 Rxh6 42. f4 Rh3 43. g4 Rg3 44. g5 Rg4 0-1

[Event "PRO League Group Stage"]
[Site "chess.com INT"]
[Date "2019.01.30"]
[Round "4"]
[White "Kiewra, Keaton"]
[Black "Jacobson, Aaron"]
[Result "1/2-1/2"]
[WhiteTitle "IM"]
[BlackTitle "FM"]
[WhiteElo "2362"]
[BlackElo "2286"]
[WhiteTeam "San Diego Surfers"]
[BlackTeam "New York Marshalls"]
[WhiteFideId "2019280"]
[BlackFideId "2089912"]
[EventDate "2019.01.08"]

1. Nf3 Nf6 2. c4 e6 3. g3 d5 4. d4 Be7 5. Bg2 O-O 6. O-O dxc4 7. Ne5 Nc6 8. Nxc6
bxc6 9. Na3 Bxa3 10. bxa3 Ba6 11. Qa4 Bb5 12. Qa5 Qxd4 13. Be3 Qd6 14. Bd2 Rad8
15. Bb4 c5 16. Qxb5 cxb4 17. axb4 Rb8 18. Qa5 Qxb4 19. Qxa7 c3 20. Rfc1 Nd5 21.
a3 Qc4 22. e3 c5 23. Bf1 Qb3 24. Qxc5 Rfc8 25. Qd4 c2 26. a4 Rb4 27. Qa7 Qb2 28.
Qd7 Nb6 29. Qd2 Rxa4 30. Rxa4 Nxa4 31. Bd3 g6 32. Rxc2 Qb1+ 33. Kg2 Rd8 34. Qe2
Qb3 35. Bc4 Qb7+ 36. Qf3 Qd7 37. h4 h5 38. Rc1 Nb6 39. Bb3 Qb5 40. Bd1 Kg7 41.
Be2 Qb2 42. Rc7 Qf6 43. Qxf6+ Kxf6 44. Bb5 Nd5 45. Rb7 Nc3 46. Bc6 Rc8 47. Bf3
Rd8 48. Rc7 Nd5 49. Ra7 Ne7 50. Ra4 Nf5 51. e4 Nd4 52. Ra5 e5 53. Ra6+ Kg7 54.
Bd1 Rc8 55. Ba4 Rc7 56. Bd1 f6 57. Rb6 Rd7 58. Bb3 Nxb3 59. Rxb3 Kf7 1/2-1/2

[Event "PRO League Group Stage"]
[Site "chess.com INT"]
[Date "2019.01.30"]
[Round "4"]
[White "Dreev, Aleksey"]
[Black "Erenburg, Sergey"]
[Result "1-0"]
[WhiteTitle "GM"]
[BlackTitle "GM"]
[WhiteElo "2670"]
[BlackElo "2589"]
[WhiteTeam "San Diego Surfers"]
[BlackTeam "Pittsburgh Pawngrabbers"]
[WhiteFideId "4100107"]
[BlackFideId "2805642"]
[EventDate "2019.01.08"]

1. d4 d5 2. c4 c6 3. Nf3 Nf6 4. e3 a6 5. Bd3 Bg4 6. Nbd2 e6 7. O-O Nbd7 8. b3 c5
9. cxd5 Nxd5 10. Bb2 Be7 11. Ne4 cxd4 12. Bxd4 O-O 13. Ng3 Bf6 14. Be4 Qa5 15.
a3 Rad8 16. b4 Qc7 17. Rc1 Qd6 18. h3 Bxf3 19. Bxf3 Bxd4 20. Qxd4 Ne5 21. Be2
Nc6 22. Qc5 Qxc5 23. Rxc5 Nde7 24. Ne4 Rd7 25. Rc2 Rc8 26. Rfc1 Kf8 27. Bf3 Nd5
28. Nc5 Rdc7 29. Bxd5 exd5 30. Nxb7 Rxb7 31. Rxc6 Rxc6 32. Rxc6 a5 33. bxa5 Rb3
34. Rc5 Rd3 35. Kf1 Ke7 36. Ke2 Rxa3 37. Rxd5 Ke6 38. Rb5 g6 39. g4 Ra2+ 40. Kf3
h6 41. Rb6+ Ke5 42. a6 f6 43. Rb5+ Ke6 44. Rb6+ Ke5 45. Kg3 Ra3 46. f4+ Ke4 47.
Re6+ Kd5 48. Rxf6 Rxe3+ 49. Kh4 g5+ 50. fxg5 hxg5+ 51. Kxg5 Rxh3 52. Kg6 Ra3 53.
g5 1-0

[Event "PRO League Group Stage"]
[Site "chess.com INT"]
[Date "2019.01.30"]
[Round "4"]
[White "Shabalov, Alexander"]
[Black "Brown, Michael William"]
[Result "0-1"]
[WhiteTitle "GM"]
[BlackTitle "IM"]
[WhiteElo "2529"]
[BlackElo "2524"]
[WhiteTeam "Pittsburgh Pawngrabbers"]
[BlackTeam "San Diego Surfers"]
[WhiteFideId "2008572"]
[BlackFideId "2037602"]
[EventDate "2019.01.08"]

1. e4 e5 2. Nf3 Nc6 3. Nc3 Nf6 4. Bb5 Bd6 5. d3 h6 6. a3 O-O 7. g4 Nd4 8. g5
hxg5 9. Bxg5 c6 10. Bc4 Re8 11. Rg1 Be7 12. Nxe5 d5 13. Ba2 Bd6 14. f4 Bxe5 15.
fxe5 Rxe5 16. h4 dxe4 17. dxe4 Nxe4 18. Bxd8 Nxc3+ 19. Kf2 Nxd1+ 20. Raxd1 Re2+
21. Kg3 Re4 22. Rge1 Rxe1 23. Rxe1 Be6 24. Bxe6 Nxe6 25. Ba5 b6 26. Bc3 Rd8 27.
Kf3 Rd5 28. Re4 Kh7 29. Ra4 a5 30. b4 Nd4+ 31. Ke4 f5+ 32. Kd3 b5 0-1

[Event "PRO League Group Stage"]
[Site "chess.com INT"]
[Date "2019.01.30"]
[Round "4"]
[White "Sheng, Joshua"]
[Black "Le, Tuan Minh"]
[Result "0-1"]
[WhiteTitle "IM"]
[BlackTitle "IM"]
[WhiteElo "2451"]
[BlackElo "2515"]
[WhiteTeam "San Diego Surfers"]
[BlackTeam "Pittsburgh Pawngrabbers"]
[WhiteFideId "2057360"]
[BlackFideId "12401153"]
[EventDate "2019.01.08"]

1. e4 c5 2. Nf3 Nf6 3. Nc3 d5 4. exd5 Nxd5 5. Bc4 Nb6 6. Bb5+ Bd7 7. Bxd7+ Qxd7
8. O-O Nc6 9. b3 e6 10. Bb2 Be7 11. Ne4 O-O 12. d4 cxd4 13. Nxd4 f5 14. Nxc6
Qxc6 15. Ng3 Rad8 16. Qe2 Nd5 17. Nh5 g6 18. c4 gxh5 19. cxd5 Rxd5 20. Rac1 Qd7
21. Rc7 Qxc7 22. Qxe6+ Rf7 23. Qxd5 Qc2 24. Ba1 Bf8 25. Re1 Qc8 26. Bb2 a6 27.
h3 Qd7 28. Qf3 Qd2 29. Bc3 Qg5 30. Re8 h4 31. Rb8 h6 32. Bb4 Qc1+ 0-1

[Event "PRO League Group Stage"]
[Site "chess.com INT"]
[Date "2019.01.30"]
[Round "4"]
[White "Canty, James"]
[Black "Kiewra, Keaton"]
[Result "1/2-1/2"]
[BlackTitle "IM"]
[WhiteElo "2222"]
[BlackElo "2362"]
[WhiteTeam "Pittsburgh Pawngrabbers"]
[BlackTeam "San Diego Surfers"]
[WhiteFideId "2055945"]
[BlackFideId "2019280"]
[EventDate "2019.01.08"]

1. e4 c5 2. c3 Nf6 3. e5 Nd5 4. Nf3 Nc6 5. d4 cxd4 6. cxd4 d6 7. Nc3 dxe5 8.
Nxe5 Nxc3 9. Nxc6 Nxd1 10. Nxd8 Kxd8 11. Kxd1 b6 12. Bf4 Bb7 13. Rc1 Rc8 14. Bc4
Bxg2 15. Rg1 Bf3+ 16. Kd2 e6 17. Ba6 Rc6 18. Bb5 Rxc1 19. Rxc1 Bb4+ 20. Ke3 Bd5
21. Rc7 g5 22. Bg3 a6 23. Bxa6 Re8 24. Rxf7 Re7 25. Rf8+ Re8 26. Rf7 Re7 27.
Rf8+ Re8 28. Bc7+ Ke7 29. Rxe8+ Kxe8 30. a3 Kd7 31. Bxb6 Bd6 32. Bb5+ Kc8 33.
Ba6+ Kd7 34. Bb5+ Kc8 35. Ba6+ Kd7 36. Bb5+ 1/2-1/2

[Event "PRO League Group Stage"]
[Site "chess.com INT"]
[Date "2019.01.30"]
[Round "4"]
[White "Mamedyarov, Shakhriyar"]
[Black "Demchenko, Anton"]
[Result "1-0"]
[WhiteTitle "GM"]
[BlackTitle "GM"]
[WhiteElo "2817"]
[BlackElo "2679"]
[WhiteTeam "San Jose Hackers"]
[BlackTeam "New York Marshalls"]
[WhiteFideId "13401319"]
[BlackFideId "4160258"]
[EventDate "2019.01.08"]

1. d4 Nf6 2. c4 g6 3. Nf3 Bg7 4. Nc3 O-O 5. Bg5 h6 6. Bd2 d6 7. Qc1 Kh7 8. h4
Bg4 9. h5 Bxh5 10. Nh2 g5 11. Nf3 Kg8 12. Nxg5 hxg5 13. Bxg5 Bg6 14. Bh6 Bh8 15.
Qg5 Nh7 16. Qg3 Bxd4 17. O-O-O Nc6 18. e3 Bxc3 19. bxc3 e6 20. f4 Qf6 21. e4 Kh8
22. Kb2 Bxe4 23. Bd3 Bxd3 24. Rxd3 Rg8 25. Bg5 Qf5 26. Rxh7+ Qxh7 27. Bf6+ Rg7
28. Bxg7+ Qxg7 29. Qh2+ Kg8 30. Rg3 Rd8 31. Rxg7+ Kxg7 32. Qg3+ Kf8 33. Qg5 d5
34. g4 dxc4 35. f5 exf5 36. gxf5 Rd5 37. Qh6+ Ke7 38. Qh4+ Kd7 39. f6 Ne5 40.
Qh3+ Kc6 41. Qc8 Nd7 42. Qe8 Rd6 43. Qe4+ Kb6 44. Qe3+ Ka6 45. Qe7 Nxf6 46. Qxc7
Rc6 47. Qxf7 Kb6 48. Qf8 Kc7 49. Qa8 a6 50. a4 Nd7 51. Qh8 Rb6+ 52. Kc2 Rc6 53.
Qd4 Kc8 54. Kb2 a5 55. Kc2 Rc5 56. Qf4 b6 57. Qd6 Re5 58. Qc6+ Kd8 59. Qxc4 Rc5
60. Qa6 Kc7 61. Qa7+ Kc6 62. Qa8+ Kc7 63. Kd3 Re5 64. Kd4 Rh5 65. Qf3 Rc5 66.
Qf4+ Kc8 67. c4 Kd8 68. Qf2 Kc8 69. Qg2 Kc7 70. Qh1 Kc8 71. Qh2 Kd8 72. Qg2 Kc8
73. Qa8+ Kc7 74. Qe8 Rc6 75. Qg8 Rc5 76. Qh8 Rg5 77. Qh2+ Kc8 78. Ke4 Rc5 79.
Qg2 Kc7 80. Qg3+ Kc8 81. Qg7 Kc7 82. Qf7 Re5+ 83. Kd4 Rc5 84. Qg8 Re5 85. Qg3
Kd6 86. c5+ bxc5+ 87. Kc4 Ke6 88. Qg4+ Kd6 89. Qg3 Kc6 90. Qg2+ Kc7 91. Qg7 Kc6
92. Qh6+ Kb7 93. Qd6 Kc8 94. Qa6+ Kd8 95. Qxa5+ Ke7 96. Qa7 Re4+ 97. Kb5 Kd6 98.
Qa6+ Kc7 99. Qc6+ 1-0

[Event "PRO League Group Stage"]
[Site "chess.com INT"]
[Date "2019.01.30"]
[Round "4"]
[White "Azarov, Sergei"]
[Black "Safarli, Eltaj"]
[Result "0-1"]
[WhiteTitle "GM"]
[BlackTitle "GM"]
[WhiteElo "2575"]
[BlackElo "2681"]
[WhiteTeam "New York Marshalls"]
[BlackTeam "San Jose Hackers"]
[WhiteFideId "13501470"]
[BlackFideId "13402129"]
[EventDate "2019.01.08"]

1. e4 c5 2. Nf3 Nf6 3. e5 Nd5 4. Nc3 e6 5. Nxd5 exd5 6. d4 Nc6 7. Be2 d6 8. exd6
Bxd6 9. dxc5 Bxc5 10. O-O O-O 11. c3 Re8 12. Bf4 Bf5 13. Qd2 h6 14. Rfd1 Bb6 15.
Bg3 Qf6 16. Bf1 Rad8 17. Bb5 Bg4 18. Qf4 Qxf4 19. Bxf4 a6 20. Bf1 g5 21. Bd2 d4
22. h3 Bxf3 23. gxf3 Ne5 24. Kg2 Ng6 25. f4 Nh4+ 26. Kg3 Bc7 27. Bd3 dxc3 28.
Bxc3 h5 29. Be5 Bxe5 30. fxe5 Rd4 31. Be2 Nf5+ 32. Kg2 h4 33. Bg4 Rxe5 34. Bxf5
Rxd1 35. Rxd1 Rxf5 36. b4 Kg7 37. Rd7 Rb5 38. a3 Kg6 39. Rc7 f6 40. Kf3 b6 41.
Rb7 a5 42. bxa5 Rf5+ 43. Kg2 bxa5 44. Ra7 Rc5 45. a4 Kf5 46. Ra6 Ke5 47. Kf3 f5
48. Rg6 Rc3+ 49. Kg2 Rc4 50. Rxg5 Rxa4 51. Rg8 Rf4 52. Ra8 a4 53. f3 Rb4 54. Kf2
Kf4 55. Ke2 Rb2+ 56. Kd3 Ra2 57. Rf8 a3 58. Kc3 Rf2 59. Kb3 Rxf3+ 60. Ka2 Rxh3 0-1

[Event "PRO League Group Stage"]
[Site "chess.com INT"]
[Date "2019.01.30"]
[Round "4"]
[White "Yoo, Christopher Woojin"]
[Black "Bykhovsky, Anatoly"]
[Result "1-0"]
[WhiteTitle "FM"]
[BlackTitle "GM"]
[WhiteElo "2388"]
[BlackElo "2496"]
[WhiteTeam "San Jose Hackers"]
[BlackTeam "New York Marshalls"]
[WhiteFideId "30909694"]
[BlackFideId "2806991"]
[EventDate "2019.01.08"]

1. e4 c5 2. Nf3 e6 3. d4 cxd4 4. Nxd4 a6 5. c4 Nf6 6. Nc3 Qc7 7. Be2 d6 8. O-O
b6 9. Be3 Bb7 10. f3 Nbd7 11. Rc1 Be7 12. Qe1 O-O 13. Qf2 Rac8 14. Rfd1 Qb8 15.
b4 Bd8 16. Nb3 Bc7 17. Kh1 Rfe8 18. a4 Qa8 19. a5 bxa5 20. Nxa5 Bxa5 21. bxa5 d5
22. exd5 exd5 23. c5 Bc6 24. Bd4 Rb8 25. Rb1 Qa7 26. Qg3 Rbc8 27. Bd3 Qc7 28.
Qxc7 Rxc7 29. Bxa6 Ra8 30. Nb5 Bxb5 31. Bxb5 Rxa5 32. c6 Rxb5 33. cxd7 1-0

[Event "PRO League Group Stage"]
[Site "chess.com INT"]
[Date "2019.01.30"]
[Round "4"]
[White "Jacobson, Aaron"]
[Black "Ravuri, Vinesh"]
[Result "1-0"]
[WhiteTitle "FM"]
[WhiteElo "2286"]
[BlackElo "2042"]
[WhiteTeam "New York Marshalls"]
[BlackTeam "San Jose Hackers"]
[WhiteFideId "2089912"]
[BlackFideId "45042632"]
[EventDate "2019.01.08"]

1. e4 e5 2. Nf3 Nc6 3. Bb5 Nge7 4. Nc3 g6 5. h4 h5 6. d4 Bg7 7. dxe5 Nxe5 8.
Nxe5 Bxe5 9. f4 Bg7 10. Qf3 c6 11. f5 cxb5 12. f6 Bf8 13. fxe7 Bxe7 14. Nd5 d6
15. Qc3 Rg8 16. Nc7+ Kd7 17. Nxa8 Bxh4+ 18. g3 Bf6 19. Qf3 Ke7 20. Rf1 1-0

[Event "PRO League Group Stage"]
[Site "chess.com INT"]
[Date "2019.01.30"]
[Round "4"]
[White "Sarana, Alexey"]
[Black "Zhao, Jun"]
[Result "1/2-1/2"]
[WhiteTitle "GM"]
[BlackTitle "GM"]
[WhiteElo "2630"]
[BlackElo "2610"]
[WhiteTeam "Australia Kangaroos"]
[BlackTeam "Chengdu Pandas"]
[WhiteFideId "24133795"]
[BlackFideId "8602522"]
[EventDate "2019.01.08"]

1. d4 Nf6 2. c4 g6 3. Nc3 Bg7 4. e4 d6 5. h3 c6 6. Be3 a6 7. Nf3 b5 8. Qc2 O-O
9. Bd3 Nbd7 10. O-O Bb7 11. b3 e5 12. dxe5 dxe5 13. Rfd1 Qe7 14. Ne2 Nh5 15.
cxb5 axb5 16. a4 Nf4 17. axb5 Rxa1 18. Rxa1 Nxd3 19. Qxd3 cxb5 20. Ra7 Bc6 21.
Nc3 Nc5 22. Rxe7 Nxd3 23. Rc7 Ba8 24. Rd7 Nf4 25. Bxf4 exf4 26. Nd5 h6 27. Ne1
g5 28. Nd3 Bxd5 29. Rxd5 b4 30. f3 Rc8 31. Nxb4 Rb8 32. Nc6 Rxb3 33. h4 gxh4 34.
Kh2 Bf6 35. Rf5 Bg5 36. Nd4 Rb2 37. Nb5 Kg7 38. Nd6 f6 39. Ne8+ Kg6 40. Nc7 Rb1
41. Nd5 h3 42. gxh3 Rb2+ 43. Kg1 Rb1+ 44. Kf2 Rb2+ 45. Kf1 Rb1+ 46. Ke2 Rb2+ 47.
Kd1 Rh2 48. Ne7+ Kf7 49. Nc6 Rxh3 50. Ke2 Rh2+ 51. Kf1 h5 52. Nd4 h4 53. Ne2 Kg6
54. Nxf4+ Bxf4 55. Rxf4 Kg5 56. Rg4+ Kh5 57. Rg8 Ra2 58. Kg1 Rb2 59. Rg7 Ra2 60.
Rg4 Rb2 61. Rf4 Kg5 62. Rf5+ Kg6 63. Ra5 h3 64. Rf5 Ra2 65. Rf4 Kg5 66. Rg4+ Kh5
67. Kh1 Rf2 68. Rf4 Kg5 69. Rf5+ Kg6 70. Rf4 Kg5 71. Rg4+ Kh5 72. Rg3 Kh4 73.
Rg4+ Kh5 74. Rf4 Kg5 75. Rf5+ Kg6 76. Kg1 Rg2+ 77. Kh1 Rf2 78. Kg1 Rg2+ 79. Kh1
Rf2 80. Rf4 Kg5 81. Rg4+ Kh5 82. Rg3 Kh4 83. Rg4+ Kh5 1/2-1/2

[Event "PRO League Group Stage"]
[Site "chess.com INT"]
[Date "2019.01.30"]
[Round "4"]
[White "Bai, Jinshi"]
[Black "Kuybokarov, Temur"]
[Result "1/2-1/2"]
[WhiteTitle "GM"]
[BlackTitle "IM"]
[WhiteElo "2572"]
[BlackElo "2513"]
[WhiteTeam "Chengdu Pandas"]
[BlackTeam "Australia Kangaroos"]
[WhiteFideId "8602280"]
[BlackFideId "14203049"]
[EventDate "2019.01.08"]

1. d4 d5 2. c4 c6 3. cxd5 cxd5 4. Bf4 Nf6 5. Nc3 Nc6 6. e3 Bf5 7. Nf3 e6 8. Qb3
Bb4 9. Ne5 Bxc3+ 10. bxc3 Nxe5 11. Bxe5 O-O 12. Be2 Ne4 13. f3 Nd6 14. O-O Rc8
15. Rfc1 Nc4 16. Bxc4 Rxc4 17. Qxb7 Qa5 18. Bd6 Re8 19. Bb4 Qa4 20. Bc5 a5 21.
Qb3 Qc6 22. a4 Qa8 23. e4 Bg6 24. exd5 exd5 25. Qb5 Rb8 26. Qd7 Rd8 27. Qc7 Rc8
28. Qd7 h6 29. h4 Rb8 30. Ra2 Kh7 31. Qg4 h5 32. Qd7 Rb3 33. Re2 Qb7 34. Qxb7
Rxb7 35. Ra2 f6 36. Kf2 Be8 37. Kg3 Rb3 38. Be7 Rbxc3 39. Rxc3 Rxc3 40. Bd8 Rc4
41. Bxa5 Bxa4 42. Bb6 g5 43. Bc5 Kg6 44. Rb2 Rc2 45. Rxc2 Bxc2 46. Be7 Bd3 47.
Bd8 Bf1 48. Kf2 Bc4 49. g3 gxh4 50. gxh4 Kf5 51. Ke3 Bb5 52. Be7 Bc4 53. Bd8 Ke6
54. Bc7 Kf5 55. Bd8 Bb5 56. Be7 Bc4 57. Bd8 Bb5 1/2-1/2